MARC

LEADER 00000nam0a2200000 4500
001 27783
005 20231030202331.0
035 |a (RuTPU)RU\TPU\book\28036 
035 |a BOOK00000082 
090 |a 27783 
100 |a 20011209d1998 u y0rusy50 ca 
101 0 |a rus 
102 |a RU 
105 |a  f 000|y 
200 1 |a Лекции по законодательной метрологии 
205 |a 2-е изд., перераб. и доп. 
210 |a Москва  |c [Б. и.]  |d 1998 
215 |a 137 с. 
320 |a Библиогр.: с. 136-137. 
610 1 |a метрология 
610 1 |a законодательная метрология 
610 1 |a измерения 
610 1 |a право 
610 1 |a хозяйственное право 
610 1 |a законы 
610 1 |a Россия 
610 1 |a нормативные документы 
610 1 |a учебные пособия 
675 |a 621:53.08(07)  |v 3 
686 |a Х623.21я7  |v LBC/SL-A  |2 rubbk 
686 |a Х623.21я7  |v LBC/SL-A  |2 rubbk 
801 0 |a RU  |b 63413507  |c 20011209  |g PSBO 
801 2 |a RU  |b 63413507  |c 20100714  |g RCR 
900 |a Метрологическое обеспечение приборов неразрушающего контроля 
942 |c BK